000 00852nam a22002295i 4500
001 178065
003 ES-MaACL
005 20250823063126.0
008 110516s1949 sp o |||| | spa d
080 _a725.17(460.27 M.)
100 1 _aFeduchi, Luis M.,
_d1901-1975
_949083
245 1 3 _aEl Palacio Nacional
_b= Le Palais National = The National Palace /
_cintroducción y notas de Luis M. Feduchi.
260 _aMadrid :
_bAfrodisio Aguado,
_cimp. 1949.
300 _a2 v. :
_bprincipalmente fot. bl. y n. ;
_c19 cm.
490 1 _aEl mueble en España ;
_v1, 2
504 _aBibliografía: T. I. p. 27.
546 _aTexto en español, francés e inglés.
610 2 4 _aPalacio Real (Madrid)
_9140906
830 0 _aEl mueble en España ;
_v1, 2
_9190716
852 _aES-MaACL
_jE-15106-07
_xOlim P-955
999 _c178065
_d178065